Welcome to CU Library Online Public Access Catalogue (OPAC)

Competent to counsel : (Record no. 3266)

MARC details
000 -LEADER
fixed length control field 00779pam a2200205 a 4500
001 - CONTROL NUMBER
control field 4295860
005 - DATE AND TIME OF LATEST TRANSACTION
control field 20250130170602.0
008 - FIXED-LENGTH DATA ELEMENTS--GENERAL INFORMATION
fixed length control field 860227r19861970miua b 001 0 eng
020 ## - INTERNATIONAL STANDARD BOOK NUMBER
International Standard Book Number 0310511402
050 00 - LIBRARY OF CONGRESS CALL NUMBER
Classification number BV4012.2
Item number .A323 1986
082 00 - DEWEY DECIMAL CLASSIFICATION NUMBER
Classification number 253.5
Edition information 19
100 1# - MAIN ENTRY--PERSONAL NAME
Personal name Adams, Jay E.
Dates associated with a name 1929-
245 10 - TITLE STATEMENT
Title Competent to counsel :
Remainder of title introduction to nouthetic counseling /
Statement of responsibility, etc. Jay E. Adams.
260 ## - PUBLICATION, DISTRIBUTION, ETC.
Place of publication, distribution, etc. Grand Rapids, MI :
Name of publisher, distributor, etc. Ministry Resources Library,
Date of publication, distribution, etc. [1986], c1970.
300 ## - PHYSICAL DESCRIPTION
Extent xxii, 287 p. :
Other physical details ill. ;
Dimensions 23 cm.
500 ## - GENERAL NOTE
General note Reprint. Originally published: Phillipsburg, N.J. : Presbyterian and Reformed Pub. Co., c1970.
650 #0 - SUBJECT ADDED ENTRY--TOPICAL TERM
Topical term or geographic name entry element Pastoral counseling.
856 42 - ELECTRONIC LOCATION AND ACCESS
Materials specified Publisher description
Uniform Resource Identifier <a href="http://www.loc.gov/catdir/enhancements/fy0633/86005233-d.html">http://www.loc.gov/catdir/enhancements/fy0633/86005233-d.html</a>
942 ## - ADDED ENTRY ELEMENTS (KOHA)
Source of classification or shelving scheme Library of Congress Classification
Koha item type Books
Suppress in OPAC No
999 ## -
-- 3266
-- 3266
Holdings
Withdrawn status Lost status Source of classification or shelving scheme Damaged status Not for loan Collection Home library Current library Shelving location Date acquired Total checkouts Full call number Barcode Date last seen Copy number Price effective from Koha item type
    Library of Congress Classification     Non-fiction Graduate Library (Christ Temple) Graduate Library (Christ Temple) General stacks 01/30/2025   BV 4012.2 ADA GSCT00000431 01/30/2025 1 01/30/2025 Books
© 2023-2024 Copyright: Central University Libraries. All Rights Reserved | Created by: Mahone Tech Office